000 00783nam a2200253Ia 4500
003 OSt
005 20220928115417.0
006 a|||||r|||| 00| 0
007 ta
008 220927b |||||||| |||| 00| 0 eng d
020 _c1606.3019999999999
024 _a110894
037 _b253, 01/02/2011, Pioneer Book Distributors
_cTextual
040 _aSDCL
_cSDCL
_beng
041 _2eng
_aeng
082 _aX:8, Q0
100 _aSamuel Yitzhak
_9444130
245 0 _aOrganizational pathology
_b Life and death of organizations.
260 _aNew Brunswick
_bTransaction Publishers
_c2010
300 _axi,175p.
_ccm.
650 _aPsychology
942 _hX:8, Q0
_cTEXL
_2CC
999 _c759245
_d759245